000 01042nam a22002177a 4500
005 20210325205321.0
008 s2554 th ||||| |||| 00| 0 tha d
020 _a9786167506005
050 _aN5085.T5 ศ523 2554
100 0 _aสินธุ์สวัสดิ์ ยอดบางเตย, บรรณาธิการ
245 1 0 _aศิลปกับสังคม 2553 สถาบันปรีดี พนมยงค์
260 3 _aกรุงเทพฯ :
_bฝ่ายศิลปกรรม สถาบันปรีดี พนมยงค์,
_c2554
300 _a103 หน้า :
_b ภาพประกอบ ;
_c 29 ซม.
650 0 4 _aศิลปกรรม -- นิทรรศการ
650 0 4 _aศิลปกรรม -- ไทย -- นิทรรศการ
850 _aNALT
942 _cGB
997 _aบ23690
997 _c000000000063207
998 _aนางสุกัญญา กัลยา
999 _c63207
_d63207